[Event "Asian Continental op 20th"]
[Site "Almaty"]
[Date "2023.06.11"]
[Round "9"]
[White "Zharokov, Biket"]
[Black "Dumanuly, Sultanbeibarys"]
[Result "0-1"]
[WhiteElo "1602"]
[BlackElo "1736"]
[PlyCount "66"]
[EventDate "2023.06.04"]
[EventType "swiss"]
[EventRounds "9"]
[EventCountry "KAZ"]
[SourceTitle "CBM 214 Extra"]
[Source "ChessBase"]
[SourceDate "2023.07.31"]
[SourceVersion "1"]
[SourceVersionDate "2023.07.31"]
[SourceQuality "1"]

1. d4 d5 2. Bf4 Nf6 3. e3 c5 4. c3 Nc6 5. Nf3 Qb6 6. Qb3 c4 7. Qxb6 axb6 8. Na3 Bf5 9. Nb5 Kd7 10. Bc7 Ra6 11. Ne5+ Nxe5 12. Bxe5 Ra5 13. Nc7 Ng4 14. Bg3 e6 15. h3 Nf6 16. a4 Bc2 17. Be2 Ne4 18. Nb5 Bxa4 19. Na3 Bb3 20. Bd1 Bxa3 21. Rxa3 Rxa3 22. bxa3 Bxd1 23. Kxd1 Ra8 24. Kc2 Rxa3 25. Rb1 Rxc3+ 26. Kd1 Rd3+ 27. Ke1 Nxg3 28. fxg3 Rxe3+ 29. Kf2 Rb3 30. Ra1 Rd3 31. Rb1 Kc6 32. g4 Rxd4 33. Ke2 b5 0-1

[Event "Asian Continental op 20th"]
[Site "Almaty"]
[Date "2023.06.06"]
[Round "4"]
[White "Kabinazar, Nurmukhammed"]
[Black "Zharokov, Biket"]
[Result "1-0"]
[WhiteElo "1855"]
[BlackElo "1602"]
[PlyCount "61"]
[EventDate "2023.06.04"]
[EventType "swiss"]
[EventRounds "9"]
[EventCountry "KAZ"]
[SourceTitle "CBM 214 Extra"]
[Source "ChessBase"]
[SourceDate "2023.07.31"]
[SourceVersion "1"]
[SourceVersionDate "2023.07.31"]
[SourceQuality "1"]

1. e4 c5 2. Nf3 e6 3. d4 cxd4 4. Nxd4 a6 5. Nc3 Qc7 6. g3 b5 7. Bg2 Bb7 8. 0-0 Nc6 9. Nxc6 dxc6 10. Be3 c5 11. Qe2 Nf6 12. Bf4 e5 13. Bg5 Be7 14. Bxf6 Bxf6 15. Nd5 Bxd5 16. exd5 Qd6 17. a4 b4 18. f4 0-0 19. f5 Rfc8 20. Qc4 a5 21. Rae1 Rab8 22. Be4 Rf8 23. b3 g6 24. Re2 g5 25. Kh1 Kh8 26. Bg2 Rb6 27. Re4 Bg7 28. Rd1 f6 29. Kg1 Qd7 30. Qxc5 Qa7 31. Kh1 1-0

[Event "Asian Continental op 20th"]
[Site "Almaty"]
[Date "2023.06.06"]
[Round "3"]
[White "Zharokov, Biket"]
[Black "Kozhabekov, Adilkhan"]
[Result "0-1"]
[WhiteElo "1602"]
[BlackElo "1911"]
[PlyCount "74"]
[EventDate "2023.06.04"]
[EventType "swiss"]
[EventRounds "9"]
[EventCountry "KAZ"]
[SourceTitle "CBM 214 Extra"]
[Source "ChessBase"]
[SourceDate "2023.07.31"]
[SourceVersion "1"]
[SourceVersionDate "2023.07.31"]
[SourceQuality "1"]

1. d4 Nf6 2. Bf4 g6 3. e3 Bg7 4. Nf3 0-0 5. Bd3 d6 6. Nbd2 Nbd7 7. 0-0 Re8 8. Bc4 e5 9. dxe5 dxe5 10. Bg3 h6 11. Nh4 Nb6 12. Bb3 Be6 13. Nhf3 Nfd7 14. c3 Qe7 15. Qe2 f5 16. Bc2 Qf7 17. h3 Nc4 18. Nxc4 Bxc4 19. Qxc4 Qxc4 20. Bb3 Qe6 21. Rfd1 Rad8 22. Bxe6+ Rxe6 23. Rd2 Kf7 24. Ne1 Rd6 25. Nf3 Rxd2 26. Nxd2 Ke6 27. Kf1 Re8 28. Ke1 Nc5 29. f3 Bf6 30. Ke2 Rd8 31. Bf2 Rxd2+ 32. Kxd2 e4 33. f4 g5 34. g3 a5 35. a3 Kd5 36. b4 Na4 37. Kc2 Bxc3 0-1

[Event "Asian-ch Seniors 65 zt 3.4"]
[Site "Chess.com INT"]
[Date "2020.07.16"]
[Round "2.6"]
[White "Iskichekova, Nadezhda"]
[Black "Zharokov, Biket"]
[Result "1/2-1/2"]
[WhiteElo "1763"]
[BlackElo "1559"]
[PlyCount "153"]
[EventDate "2020.07.16"]
[EventType "swiss"]
[EventRounds "7"]
[EventCountry "UZB"]
[SourceTitle "EXT 2024"]
[Source "ChessBase"]
[SourceDate "2023.10.10"]
[SourceVersion "1"]
[SourceVersionDate "2023.10.10"]
[SourceQuality "1"]

1. d4 c5 2. c3 cxd4 3. cxd4 d5 4. Nf3 Bf5 5. Bf4 Nc6 6. a3 e6 7. Nc3 a6 8. e3 Bd6 9. Bxd6 Qxd6 10. Bd3 Bg4 11. Be2 Nf6 12. h3 Bh5 13. 0-0 0-0 14. Nd2 Bxe2 15. Qxe2 Rac8 16. Rac1 Na5 17. Rfd1 Nc4 18. Nxc4 Rxc4 19. Rc2 b5 20. Rdc1 Rfc8 21. Qd2 Qc6 22. f3 Nh5 23. Kf2 Qc7 24. f4 Nf6 25. Kf3 Ne4 26. Qd3 Nxc3 27. Rxc3 Qa5 28. Rxc4 bxc4 29. Qc3 Qxc3 30. Rxc3 Rb8 31. Rc2 Rb3 32. g4 g6 33. h4 f5 34. g5 Kg7 35. Ke2 h6 36. Kd2 hxg5 37. hxg5 Kf7 38. Ke2 Ke7 39. Kd2 Kd6 40. Ke2 Kc6 41. Kd2 Kb5 42. Ke2 Ka4 43. Kd2 Rd3+ 44. Ke2 Kb3 45. Rc1 Kxb2 46. Rh1 Kxa3 47. Ra1+ Kb2 48. Rxa6 Ra3 49. Rxe6 c3 50. Rc6 c2 51. Kd2 c1Q+ 52. Rxc1 Rxe3 53. Rc6 Re4 54. Rxg6 Rxd4+ 55. Ke3 Re4+ 56. Kf3 d4 57. Rd6 Kc2 58. g6 d3 59. g7 Re8 60. Rc6+ Kd1 61. Rf6 Rg8 62. Rxf5 Rxg7 63. Rd5 d2 64. f5 Ke1 65. Re5+ Kd1 66. Kf4 Rc7 67. f6 Kc2 68. Rd5 d1Q 69. Rxd1 Kxd1 70. Ke5 Rc3 71. Ke6 Re3+ 72. Kd7 Kd2 73. f7 Rf3 74. Ke7 Re3+ 75. Kd7 Rf3 76. Ke7 Re3+ 77. Kd7 1/2-1/2

[Event "Asian-ch Seniors 65 zt 3.4"]
[Site "Chess.com INT"]
[Date "2020.07.16"]
[Round "1.6"]
[White "Zharokov, Biket"]
[Black "Syzdykov, Sabyr"]
[Result "0-1"]
[WhiteElo "1559"]
[BlackElo "1825"]
[PlyCount "108"]
[EventDate "2020.07.16"]
[EventType "swiss"]
[EventRounds "7"]
[EventCountry "UZB"]
[SourceTitle "EXT 2024"]
[Source "ChessBase"]
[SourceDate "2023.10.10"]
[SourceVersion "1"]
[SourceVersionDate "2023.10.10"]
[SourceQuality "1"]

1. d4 d5 2. Nf3 Nf6 3. Bg5 e6 4. e3 c5 5. c3 Nc6 6. Bd3 Be7 7. Nbd2 0-0 8. Qa4 cxd4 9. exd4 Qb6 10. Rb1 Bd7 11. Qc2 h6 12. Bh4 Rac8 13. 0-0 Nb4 14. Bxf6 Bxf6 15. Bh7+ Kh8 16. Qb3 Kxh7 17. cxb4 Qa6 18. Ne5 Bb5 19. Rfe1 Kg8 20. Ndf3 Bc4 21. Qa3 Qxa3 22. bxa3 Bxa2 23. Rb2 Bc4 24. Nd7 Rfd8 25. Nxf6+ gxf6 26. Nd2 b5 27. Nb3 Bxb3 28. Rxb3 Rc4 29. Rd1 Rdc8 30. Rbd3 Rc3 31. g3 Rxd3 32. Rxd3 Kf8 33. Kg2 Ke7 34. f4 Kd6 35. Kf3 Rc2 36. h4 e5 37. dxe5+ fxe5 38. Kg4 e4 39. Re3 Ke6 40. Kh5 f5 41. g4 d4 42. Rg3 fxg4 43. Kxg4 d3 44. Kh5 d2 45. Re3 d1Q+ 46. Kxh6 Re2 47. Rg3 Qh1 48. h5 Qh4 49. Rg6+ Kf5 50. Rg5+ Kxf4 51. Rxb5 Qf6+ 52. Kh7 Rg2 53. Rb7 Qf5+ 54. Kh6 Qg5+ 0-1

[Event "Wch Seniors 65 29th"]
[Site "Bucharest"]
[Date "2019.11.20"]
[Round "8"]
[White "Auvinen, Esa"]
[Black "Zharokov, Biket"]
[Result "0-1"]
[WhiteElo "1889"]
[BlackElo "1630"]
[PlyCount "94"]
[EventDate "2019.11.12"]
[EventType "swiss"]
[EventRounds "11"]
[EventCountry "ROU"]
[SourceTitle "CBM 193 Extra"]
[Source "ChessBase"]
[SourceDate "2020.01.31"]
[SourceVersion "1"]
[SourceVersionDate "2020.01.31"]
[SourceQuality "1"]

1. e4 c5 2. Nf3 e6 3. d4 cxd4 4. Nxd4 a6 5. c4 Qc7 6. Be2 Nc6 7. 0-0 Nf6 8. Nxc6 dxc6 9. Qc2 b6 10. Nc3 Bb7 11. Bf3 c5 12. g3 Bd6 13. Rd1 h5 14. Rxd6 Qxd6 15. e5 Qxe5 16. Bxb7 Qe1+ 17. Kg2 h4 18. Bxa8 h3+ 19. Kf3 Qh1+ 20. Ke2 Qxa8 21. f3 Rh5 22. Kf2 Rf5 23. Qe2 Ng4+ 24. Kg1 Qxf3 25. Qxf3 Rxf3 26. Nd1 Ne5 27. Nf2 f6 28. Nxh3 g5 29. Nf2 Nxc4 30. b3 Nd6 31. Bb2 f5 32. Re1 Ke7 33. Kg2 g4 34. h3 c4 35. hxg4 fxg4 36. b4 Nf5 37. Nxg4 Rxg3+ 38. Kf2 Rxg4 39. Rh1 Rh4 40. Rb1 b5 41. a3 Rh3 42. Bc1 Nd4 43. Kg2 Rb3 44. Ra1 c3 45. Be3 e5 46. Kf2 Ke6 47. Ke1 Nc2+ 0-1

[Event "Wch Seniors 65 29th"]
[Site "Bucharest"]
[Date "2019.11.18"]
[Round "6"]
[White "Bohlin, Jan"]
[Black "Zharokov, Biket"]
[Result "1/2-1/2"]
[WhiteElo "1799"]
[BlackElo "1630"]
[PlyCount "118"]
[EventDate "2019.11.12"]
[EventType "swiss"]
[EventRounds "11"]
[EventCountry "ROU"]
[SourceTitle "CBM 193 Extra"]
[Source "ChessBase"]
[SourceDate "2020.01.31"]
[SourceVersion "1"]
[SourceVersionDate "2020.01.31"]
[SourceQuality "1"]

1. d4 d5 2. c4 Nf6 3. cxd5 Nxd5 4. Nf3 Nc6 5. e4 Nf6 6. d5 Nb8 7. Nc3 e6 8. Bg5 Be7 9. Qd2 0-0 10. Bc4 exd5 11. exd5 a6 12. a4 Nbd7 13. 0-0 Nc5 14. Rfe1 Bf5 15. Qf4 Bg6 16. Rad1 Bd6 17. Qh4 Ncd7 18. Ne4 Bxe4 19. Rxe4 h6 20. Bxf6 Qxf6 21. Qxf6 Nxf6 22. Re2 Rfe8 23. Rxe8+ Rxe8 24. Re1 Rd8 25. Kf1 Kf8 26. h3 Bb4 27. Re5 Nd7 28. Re4 Nb6 29. Bb3 a5 30. Rd4 Ke7 31. Rd1 Nd7 32. Ke2 Kd6 33. Rd4 Re8+ 34. Kd1 Ne5 35. Re4 f6 36. Nxe5 Rxe5 37. f3 Rxe4 38. fxe4 Ke5 39. Bc2 Kf4 40. Ke2 h5 41. Bd3 b6 42. Bc2 g5 43. Bd3 Bc5 44. Bc2 Bd4 45. b3 Bc5 46. Bd3 Ke5 47. Kf3 h4 48. Bc4 f5 49. exf5 Kxf5 50. Bd3+ Ke5 51. Bc4 Be7 52. Ke3 Kd6 53. Kf3 c6 54. dxc6 Kxc6 55. g3 hxg3 56. Kxg3 Kc5 57. Kg4 Bf6 58. Bg8 b5 59. axb5 Kxb5 1/2-1/2

[Event "Wch Seniors 65 29th"]
[Site "Bucharest"]
[Date "2019.11.16"]
[Round "5"]
[White "Zharokov, Biket"]
[Black "Hjertenes, Oystein"]
[Result "1/2-1/2"]
[WhiteElo "1630"]
[BlackElo "2001"]
[PlyCount "167"]
[EventDate "2019.11.12"]
[EventType "swiss"]
[EventRounds "11"]
[EventCountry "ROU"]
[SourceTitle "CBM 193 Extra"]
[Source "ChessBase"]
[SourceDate "2020.01.31"]
[SourceVersion "1"]
[SourceVersionDate "2020.01.31"]
[SourceQuality "1"]

1. d4 g6 2. Nf3 Bg7 3. Bg5 f6 4. Bh4 d5 5. e3 Nh6 6. Bd3 0-0 7. Nbd2 Nf5 8. Bg3 Re8 9. e4 dxe4 10. Nxe4 Nxg3 11. hxg3 Bg4 12. c3 Qc8 13. Qb3+ e6 14. 0-0-0 Nc6 15. Rh4 Bxf3 16. gxf3 Na5 17. Qc2 f5 18. Nc5 b6 19. Nb3 Nb7 20. Rdh1 h6 21. f4 c5 22. dxc5 Nxc5 23. Nxc5 Qxc5 24. Re1 Rad8 25. Re3 Rd6 26. Rh1 Qd5 27. Rhe1 Qxa2 28. Qb1 Qd5 29. Qc2 b5 30. Qe2 a6 31. Kc2 Kf7 32. g4 Rc8 33. gxf5 gxf5 34. Qh5+ Kf8 35. Ra1 b4 36. Rxa6 Rxa6 37. Bxa6 b3+ 38. Kc1 Ra8 39. Qe2 Qh1+ 40. Kd2 Qb1 41. Rxe6 Qxb2+ 42. Ke3 Qxc3+ 43. Qd3 Bd4+ 44. Kf3 b2 45. Qxc3 Bxc3 46. Bd3 Bg7 47. Bxf5 Ra3+ 48. Kg4 Ra1 49. Rb6 Rg1+ 50. Kf3 Rf1 51. Rb4 h5 52. Kg2 Re1 53. f3 Bf6 54. Rb6 Kg7 55. Rb7+ Re7 56. Rb5 h4 57. Be4 Rd7 58. Kh3 Rc7 59. Rh5 Re7 60. Rb5 Rc7 61. Kg4 Re7 62. Rb6 Rf7 63. f5 Re7 64. Re6 Rxe6 65. fxe6 Kf8 66. f4 Ke7 67. f5 Kd6 68. Kh3 Ke5 69. Bb1 Kd4 70. Bc2 Kc3 71. Be4 Kd2 72. Bb1 Kc1 73. Be4 b1Q 74. Bxb1 Kxb1 75. e7 Bxe7 76. f6 Bxf6 77. Kh2 Kc2 78. Kg2 Kd2 79. Kg1 Ke2 80. Kg2 Be5 81. Kg1 Kf3 82. Kh1 h3 83. Kg1 Kg3 84. Kh1 1/2-1/2

[Event "Wch Seniors 65 29th"]
[Site "Bucharest"]
[Date "2019.11.14"]
[Round "3"]
[White "Zharokov, Biket"]
[Black "Buxade Roca, Guillermo"]
[Result "1/2-1/2"]
[WhiteElo "1630"]
[BlackElo "1995"]
[PlyCount "60"]
[EventDate "2019.11.12"]
[EventType "swiss"]
[EventRounds "11"]
[EventCountry "ROU"]
[SourceTitle "CBM 193 Extra"]
[Source "ChessBase"]
[SourceDate "2020.01.31"]
[SourceVersion "1"]
[SourceVersionDate "2020.01.31"]
[SourceQuality "1"]

1. d4 Nf6 2. Nf3 d5 3. Bg5 Nbd7 4. e3 c6 5. c3 h6 6. Bh4 g5 7. Bg3 Ne4 8. Bd3 Nxg3 9. hxg3 Bg7 10. Nbd2 Nf6 11. e4 dxe4 12. Nxe4 Bg4 13. Qb3 Qb6 14. Qc2 Nd7 15. 0-0-0 0-0-0 16. Rde1 Rhe8 17. Nfd2 Kb8 18. f3 Bf5 19. g4 Bg6 20. Nf2 Bxd3 21. Nxd3 c5 22. dxc5 Nxc5 23. Nxc5 Qxc5 24. Ne4 Qc4 25. Kb1 e6 26. Rd1 Qc7 27. Rxd8+ Rxd8 28. Rd1 Kc8 29. Rd3 Rxd3 30. Qxd3 Qf4 1/2-1/2

[Event "Wch Seniors 65 28th"]
[Site "Bled"]
[Date "2018.11.28"]
[Round "10"]
[White "Haupt, Joachim"]
[Black "Zharokov, Biket"]
[Result "0-1"]
[WhiteElo "1748"]
[BlackElo "1629"]
[PlyCount "86"]
[EventDate "2018.11.18"]
[EventType "swiss"]
[EventRounds "11"]
[EventCountry "SLO"]
[SourceTitle "CBM 187 Extra"]
[Source "ChessBase"]
[SourceDate "2018.11.04"]
[SourceVersion "1"]
[SourceVersionDate "2018.11.04"]
[SourceQuality "1"]

1. Nf3 c5 2. c4 e6 3. Nc3 a6 4. g3 Nc6 5. Bg2 Qc7 6. 0-0 Be7 7. d3 Nf6 8. a3 b6 9. Rb1 Bb7 10. Bd2 Rd8 11. Qc2 h5 12. e4 Ng4 13. Ne2 h4 14. h3 Nge5 15. Nxe5 Nxe5 16. f4 Nc6 17. g4 g6 18. Bc3 Rg8 19. Bd2 f5 20. g5 b5 21. b3 b4 22. a4 Kf7 23. Qb2 Bf8 24. Be3 Bg7 25. Qd2 d6 26. d4 Ne7 27. d5 e5 28. fxe5 Bxe5 29. Nf4 Bc8 30. Nd3 Bc3 31. Qe2 Kg7 32. Bf4 fxe4 33. Bxe4 Bxh3 34. Bg2 Bc8 35. Rbd1 Nf5 36. Kh2 Rde8 37. Qf2 Rgf8 38. Nxc5 Qxc5 39. Qxc5 dxc5 40. d6 Bd7 41. Rd5 Bd4 42. Bd2 a5 43. Bf3 Ng3 0-1

[Event "Wch Seniors 65 28th"]
[Site "Bled"]
[Date "2018.11.23"]
[Round "6"]
[White "Rogovin, Arkadi"]
[Black "Zharokov, Biket"]
[Result "1-0"]
[WhiteElo "1867"]
[BlackElo "1629"]
[PlyCount "147"]
[EventDate "2018.11.18"]
[EventType "swiss"]
[EventRounds "11"]
[EventCountry "SLO"]
[SourceTitle "CBM 187 Extra"]
[Source "ChessBase"]
[SourceDate "2018.11.04"]
[SourceVersion "1"]
[SourceVersionDate "2018.11.04"]
[SourceQuality "1"]

1. d4 Nf6 2. Nf3 e6 3. c4 d5 4. Nc3 b6 5. cxd5 exd5 6. e3 Ba6 7. Bxa6 Nxa6 8. Qa4+ Nd7 9. Qxa6 c6 10. Qd3 Bd6 11. 0-0 0-0 12. e4 dxe4 13. Nxe4 Be7 14. Bg5 h6 15. Bxe7 Qxe7 16. Rfe1 Qd8 17. Rac1 Rc8 18. b4 b5 19. Qb3 Nb6 20. Nc5 Nd5 21. a3 a5 22. Nd3 axb4 23. axb4 Qd6 24. h3 Ra8 25. Ra1 Nb6 26. Qc3 Na4 27. Qd2 Rad8 28. Qf4 Qd5 29. Qe4 Qd6 30. Qe5 Qd7 31. Nc5 Nxc5 32. dxc5 Rfe8 33. Qc3 Kf8 34. Qc2 Kg8 35. Rad1 Rxe1+ 36. Rxe1 Qd5 37. Qe4 Qxe4 38. Rxe4 Kf8 39. Rd4 Ra8 40. Ne5 Ra6 41. Rd6 f6 42. Nxc6 Ra4 43. Rd7 Ra6 44. Na5 Re6 45. Rb7 h5 46. c6 Ke8 47. Rxg7 Kd8 48. Rb7 h4 49. Rxb5 Re1+ 50. Kh2 Re2 51. Rd5+ Kc7 52. b5 Rc2 53. Nb3 Kb6 54. Rf5 Rc4 55. Nd2 Rd4 56. Nf3 Rb4 57. Rh5 Rb2 58. Nxh4 Rxf2 59. Rf5 Rc2 60. Rxf6 Kxb5 61. Nf3 Kb6 62. h4 Kc7 63. Kh3 Rc5 64. g4 Kd8 65. h5 Ra5 66. Kh4 Ke7 67. Rg6 Kf8 68. Nd4 Kf7 69. Rd6 Rc5 70. h6 Kg8 71. Rd7 Kh8 72. c7 Kg8 73. Ne6 Rc6 74. Rd8+ 1-0

[Event "Wch Seniors 65 28th"]
[Site "Bled"]
[Date "2018.11.19"]
[Round "2"]
[White "Wahlbom, Magnus"]
[Black "Zharokov, Biket"]
[Result "1-0"]
[WhiteElo "2173"]
[BlackElo "1629"]
[PlyCount "77"]
[EventDate "2018.11.18"]
[EventType "swiss"]
[EventRounds "11"]
[EventCountry "SLO"]
[SourceTitle "CBM 187 Extra"]
[Source "ChessBase"]
[SourceDate "2018.11.04"]
[SourceVersion "1"]
[SourceVersionDate "2018.11.04"]
[SourceQuality "1"]

1. e4 c5 2. Nf3 e6 3. d4 cxd4 4. Nxd4 a6 5. c4 Qc7 6. Nc3 Nc6 7. Be3 Nf6 8. a3 Be7 9. Be2 h5 10. h3 b6 11. Nxc6 dxc6 12. f4 g6 13. e5 Nd7 14. Ne4 Bb7 15. Nd6+ Bxd6 16. exd6 Qd8 17. 0-0 c5 18. b4 Rc8 19. Qb3 Be4 20. Rad1 0-0 21. Bc1 f5 22. Bb2 Kh7 23. Qc3 Qf6 24. Qxf6 Nxf6 25. d7 Rcd8 26. Bxf6 Rxf6 27. Rd6 cxb4 28. axb4 Rf7 29. Rfd1 Bc2 30. R1d4 Re7 31. c5 bxc5 32. bxc5 e5 33. fxe5 Rxe5 34. c6 Rc5 35. Rc4 Rxc4 36. Bxc4 Ba4 37. c7 Rxd7 38. c8Q Rxd6 39. Qg8+ 1-0

[Event "Wch Seniors 65 28th"]
[Site "Bled"]
[Date "2018.11.18"]
[Round "1"]
[White "Zharokov, Biket"]
[Black "Karnaukh, Anatolij"]
[Result "1-0"]
[WhiteElo "1629"]
[BlackElo "2053"]
[PlyCount "67"]
[EventDate "2018.11.18"]
[EventType "swiss"]
[EventRounds "11"]
[EventCountry "SLO"]
[SourceTitle "CBM 187 Extra"]
[Source "ChessBase"]
[SourceDate "2018.11.04"]
[SourceVersion "1"]
[SourceVersionDate "2018.11.04"]
[SourceQuality "1"]

1. d4 d5 2. Nf3 Nf6 3. Bg5 Nbd7 4. Nbd2 c5 5. e3 cxd4 6. exd4 Qb6 7. Rb1 Ne4 8. Bf4 e6 9. Bd3 Bd6 10. Bxd6 Nxd6 11. c3 Nf6 12. 0-0 Bd7 13. Qe2 Bb5 14. Bxb5+ Qxb5 15. Qxb5+ Nxb5 16. Ne5 Ke7 17. h3 Rhc8 18. a4 Nd6 19. Rfe1 b6 20. Ra1 Rc7 21. a5 Rb8 22. axb6 Rxb6 23. Ra2 Rcb7 24. Rb1 Nd7 25. Nd3 Rc7 26. Raa1 Nc8 27. Nb4 Rd6 28. f4 h6 29. Nf3 f6 30. Kf2 Nb8 31. Ne1 Nc6 32. Ned3 Nxb4 33. Nxb4 g5 34. g3 1-0

[Event "Almaty op"]
[Site "Almaty"]
[Date "2017.10.03"]
[Round "1"]
[White "Kostenko, Petr"]
[Black "Zharokov, Biket"]
[Result "1-0"]
[WhiteElo "2421"]
[BlackElo "1658"]
[PlyCount "79"]
[EventDate "2017.10.03"]
[EventType "swiss"]
[EventRounds "9"]
[EventCountry "KAZ"]
[SourceTitle "CBM 181 Extra"]
[Source "ChessBase"]
[SourceDate "2017.12.12"]
[SourceVersion "1"]
[SourceVersionDate "2017.12.12"]
[SourceQuality "1"]

1. d4 Nf6 2. Bf4 e6 3. e3 d5 4. Nd2 Bd6 5. Bg3 0-0 6. Ngf3 c5 7. c3 Nc6 8. Bb5 a6 9. Bxc6 bxc6 10. Qa4 Bb7 11. Bxd6 Qxd6 12. Qa3 Ne4 13. Nxe4 dxe4 14. dxc5 Qc7 15. Nd2 f5 16. Nc4 a5 17. 0-0-0 Ba6 18. Nb6 Rad8 19. c4 e5 20. Qxa5 Bc8 21. Qc3 f4 22. Rxd8 Rxd8 23. Rd1 Rxd1+ 24. Kxd1 Bg4+ 25. Kc2 Be2 26. a4 Bd3+ 27. Kb3 fxe3 28. fxe3 Qe7 29. Kb4 h6 30. a5 Kh7 31. a6 Qa7 32. Ka5 Qc7 33. b4 h5 34. b5 Kh6 35. Kb4 cxb5 36. cxb5 Qb8 37. Qa1 Qa7 38. Qxe5 Qf7 39. Nd5 Qd7 40. Qd6+ 1-0

[Event "Wch Seniors 22nd"]
[Site "Kamena Vourla"]
[Date "2012.11.24"]
[Round "11"]
[White "Zharokov, Biket"]
[Black "Haupt, Joachim"]
[Result "1-0"]
[WhiteElo "1934"]
[BlackElo "1864"]
[PlyCount "65"]
[EventDate "2012.11.13"]
[EventType "swiss"]
[EventRounds "11"]
[EventCountry "GRE"]
[SourceTitle "CBM 151 Extra"]
[Source "ChessBase"]
[SourceDate "2012.12.18"]
[SourceVersion "1"]
[SourceVersionDate "2012.12.18"]
[SourceQuality "1"]

1. d4 g6 2. Nf3 Nf6 3. Bf4 Bg7 4. e3 d6 5. Bc4 c5 6. c3 Qb6 7. Qb3 Qxb3 8. axb3 cxd4 9. exd4 0-0 10. 0-0 h6 11. Re1 Nh5 12. Be3 Nd7 13. Na3 a6 14. Bd3 f5 15. Nh4 Kh7 16. g4 Bf6 17. Nxg6 Kxg6 18. Bxf5+ Kg7 19. gxh5 e5 20. Kh1 Bg5 21. Bh3 Nf6 22. Bg2 Nxh5 23. Nc4 Nf4 24. Nxd6 Nxg2 25. Kxg2 Bd7 26. Bxg5 Bc6+ 27. Kg1 hxg5 28. Rxe5 Kg6 29. d5 Bd7 30. Nxb7 Rf3 31. Re3 Rf4 32. Nc5 Bg4 33. Rxa6+ 1-0

[Event "Wch Seniors 22nd"]
[Site "Kamena Vourla"]
[Date "2012.11.23"]
[Round "10"]
[White "Maman, Emanuel"]
[Black "Zharokov, Biket"]
[Result "0-1"]
[WhiteElo "1941"]
[BlackElo "1934"]
[PlyCount "122"]
[EventDate "2012.11.13"]
[EventType "swiss"]
[EventRounds "11"]
[EventCountry "GRE"]
[SourceTitle "CBM 151 Extra"]
[Source "ChessBase"]
[SourceDate "2012.12.18"]
[SourceVersion "1"]
[SourceVersionDate "2012.12.18"]
[SourceQuality "1"]

1. e4 c5 2. Nf3 e6 3. c4 Nc6 4. Nc3 a6 5. Be2 Qc7 6. 0-0 Nf6 7. d4 cxd4 8. Nxd4 h5 9. h3 Na5 10. Qd3 Nc6 11. Be3 Ne5 12. Qd2 Nxc4 13. Bxc4 Qxc4 14. Rac1 Qb4 15. a3 Qa5 16. Rfd1 Be7 17. f4 0-0 18. Nd5 Qd8 19. Nc7 Rb8 20. e5 Ne8 21. Nxe8 Rxe8 22. Ne2 f5 23. Qd4 b6 24. b4 Kf7 25. Rd3 h4 26. Nc3 g5 27. Na4 gxf4 28. Qxf4 Rg8 29. Qd4 Bg5 30. Rc2 Bxe3+ 31. Qxe3 Qg5 32. Qxg5 Rxg5 33. Rd6 Ke7 34. Nxb6 Rg8 35. Rc7 Rd8 36. Rc4 Rh8 37. a4 Kd8 38. a5 Rh7 39. Rdd4 Bb7 40. Rxh4 Rxh4 41. Rxh4 Kc7 42. Rh7 Bc6 43. Rg7 Rh8 44. Kf2 Rh4 45. g4 Rxh3 46. gxf5 Rf3+ 47. Ke2 Rxf5 48. Rg8 Rxe5+ 49. Kd3 Rh5 50. Kc3 e5 51. Rc8+ Kb7 52. Re8 e4 53. Kd4 Rb5 54. Kc3 Rf5 55. Kd4 Rf3 56. Re7 Kc7 57. Kc5 Rc3+ 58. Kd4 Rd3+ 59. Kc4 Kd8 60. Rg7 Bb5+ 61. Kc5 d6# 0-1

[Event "Wch Seniors 22nd"]
[Site "Kamena Vourla"]
[Date "2012.11.18"]
[Round "6"]
[White "Urbanc, Vinko"]
[Black "Zharokov, Biket"]
[Result "1/2-1/2"]
[WhiteElo "1916"]
[BlackElo "1934"]
[PlyCount "78"]
[EventDate "2012.11.13"]
[EventType "swiss"]
[EventRounds "11"]
[EventCountry "GRE"]
[SourceTitle "CBM 151 Extra"]
[Source "ChessBase"]
[SourceDate "2012.12.18"]
[SourceVersion "1"]
[SourceVersionDate "2012.12.18"]
[SourceQuality "1"]

1. c4 e5 2. Nc3 Nf6 3. g3 c6 4. Bg2 d5 5. cxd5 cxd5 6. d3 Bb4 7. Bd2 Nc6 8. Qa4 0-0 9. Nf3 Re8 10. a3 Bf8 11. 0-0 h6 12. Rfd1 a6 13. b4 d4 14. Ne4 Nxe4 15. dxe4 b5 16. Qc2 Qb6 17. Ne1 Be6 18. Nd3 Rac8 19. Qb2 Bc4 20. Bh3 Rcd8 21. Be1 Ra8 22. Bd7 Red8 23. Bxc6 Qxc6 24. Nxe5 Qxe4 25. Nxc4 bxc4 26. f3 Qe5 27. Bf2 c3 28. Qc2 g6 29. f4 Qd5 30. e4 Qc4 31. Rd3 a5 32. b5 Bc5 33. a4 Re8 34. e5 f6 35. Rxd4 Bxd4 36. Qxg6+ Kf8 37. Qxh6+ Kg8 38. Qg6+ Kh8 39. Qh6+ Kg8 1/2-1/2

[Event "Wch Seniors 22nd"]
[Site "Kamena Vourla"]
[Date "2012.11.17"]
[Round "5"]
[White "Zharokov, Biket"]
[Black "Rave, Avraham"]
[Result "0-1"]
[WhiteElo "1934"]
[BlackElo "1838"]
[PlyCount "98"]
[EventDate "2012.11.13"]
[EventType "swiss"]
[EventRounds "11"]
[EventCountry "GRE"]
[SourceTitle "CBM 151 Extra"]
[Source "ChessBase"]
[SourceDate "2012.12.18"]
[SourceVersion "1"]
[SourceVersionDate "2012.12.18"]
[SourceQuality "1"]

1. d4 d5 2. Nf3 Nf6 3. Bf4 e6 4. e3 c5 5. c3 Bd6 6. Bg5 h6 7. Bh4 g5 8. Bg3 Bxg3 9. hxg3 Ne4 10. Nbd2 Nxd2 11. Nxd2 b6 12. Nf3 c4 13. Ne5 Bd7 14. Qf3 Qe7 15. Bxc4 Nc6 16. Nxc6 Bxc6 17. Bd3 0-0-0 18. a4 f6 19. Qe2 Qd7 20. a5 b5 21. a6 Kc7 22. 0-0 e5 23. Ra5 Kb6 24. Rfa1 e4 25. Bc2 h5 26. b3 f5 27. c4 h4 28. c5+ Kc7 29. gxh4 Rxh4 30. f3 Qh7 31. Kf2 Rh2 32. Ke1 Qh4+ 33. Kd2 Qg3 34. Rg1 exf3 35. Qd3 Qf2+ 36. Kc3 Qxg1 37. gxf3 Qe1+ 38. Kb2 Qxa5 39. Qxf5 Rh1 40. Qe5+ Kc8 41. Bf5+ Bd7 42. Bxd7+ Rxd7 43. Qe8+ Qd8 44. Qe5 Rh8 45. b4 Qe8 46. Qf6 Rh2+ 47. Kb1 Qxe3 48. Qc6+ Kd8 49. Qf6+ Kc7 0-1

[Event "Wch Seniors 22nd"]
[Site "Kamena Vourla"]
[Date "2012.11.15"]
[Round "3"]
[White "White, Alastair F"]
[Black "Zharokov, Biket"]
[Result "1-0"]
[WhiteElo "2096"]
[BlackElo "1934"]
[PlyCount "115"]
[EventDate "2012.11.13"]
[EventType "swiss"]
[EventRounds "11"]
[EventCountry "GRE"]
[SourceTitle "CBM 151 Extra"]
[Source "ChessBase"]
[SourceDate "2012.12.18"]
[SourceVersion "1"]
[SourceVersionDate "2012.12.18"]
[SourceQuality "1"]

1. e4 c5 2. Nf3 e6 3. c3 Nc6 4. d4 cxd4 5. cxd4 d5 6. e5 Bb4+ 7. Nc3 Qa5 8. Bd2 Nge7 9. a3 Bxc3 10. Bxc3 Qb6 11. Bd3 Nf5 12. Rc1 Bd7 13. Bb1 Na5 14. 0-0 Nb3 15. Rc2 Na1 16. Re2 Bb5 17. Bxf5 exf5 18. e6 f6 19. b4 Qa6 20. Rfe1 Bxe2 21. Rxe2 Nb3 22. Rb2 0-0 23. e7 Rfe8 24. Qxb3 Qc6 25. b5 Qe6 26. Bb4 Rac8 27. Rb1 Rc4 28. Qe3 Qd7 29. Nd2 Rc2 30. Qd3 Rcc8 31. Re1 g6 32. h4 Kf7 33. h5 Kg7 34. a4 b6 35. Qe3 Rc2 36. Nf1 Rc4 37. Ba3 Rxa4 38. Ng3 f4 39. h6+ Kf7 40. Qb3 Rxa3 41. Qxa3 fxg3 42. fxg3 Rxe7 43. Rf1 Re4 44. Rf4 g5 45. Rxe4 dxe4 46. d5 Kg6 47. Qf8 e3 48. d6 Qf5 49. Qe8+ Kxh6 50. Qxe3 Qd5 51. Qe7 Qd1+ 52. Kf2 Qd2+ 53. Kf3 Qd3+ 54. Kg4 f5+ 55. Kh3 Qd1 56. Qf6+ Kh5 57. Kh2 Kg4 58. Qh6 1-0